000 00436nam a22001697a 4500
003 OSt
005 20260205103122.0
007 300 pages
008 260205b |||||||| |||| 00| 0 eng d
020 _a9781484247068
040 _c
082 _22
_a005.133
_bMAR
245 _aFull stack javascript:Learn backbone.js,Node.js and MONGO DB
_cMardan,Azat
250 _a2
260 _bapress
_c2025
942 _2ddc
_cBK
_e2
_k005.133
_mBAC
_n0
999 _c36314
_d36314